Вып. 4: Исследования по механике; Прикладная математика и механика

গ্রন্থ-পঞ্জীর বিবরন
Parent link:Прикладная математика и механика: межвузовский научный сборник/ Саратовский государственный университет (СГУ). Вып. 4: Исследования по механике.— , 1983-1990
অন্যান্য লেখক: Вельмисов П. А. (редактор)
ভাষা:রুশ
প্রকাশিত: 1986
বিষয়গুলি:
বিন্যাস: MixedMaterials গ্রন্থ
KOHA link:https://koha.lib.tpu.ru/cgi-bin/koha/opac-detail.pl?biblionumber=270414

MARC

LEADER 00000nam2a2200000 4500
001 270414
005 20231101234337.0
035 |a (RuTPU)RU\TPU\book\293595 
090 |a 270414 
100 |a 20140926d1986 k y0rusy50 ca 
101 0 |a rus 
102 |a RU 
105 |a a z 001zy 
200 0 |a Вып. 4: Исследования по механике  |f отв. ред. П. А. Вельмисов 
210 |d 1986 
215 |a 128 с.  |c ил. 
320 |a Библиогр. в конце ст. 
461 1 |0 (RuTPU)RU\TPU\book\198179  |t Прикладная математика и механика  |o межвузовский научный сборник  |f Саратовский государственный университет (СГУ)  |v Вып. 4: Исследования по механике  |d 1983-1990 
606 1 |a Математика прикладная  |2 stltpush  |3 (RuTPU)RU\TPU\subj\53312  |9 71627 
606 1 |a Прикладная механика  |2 stltpush  |3 (RuTPU)RU\TPU\subj\51670  |9 70243 
610 1 |a исследования 
610 1 |a идеальный газ 
610 1 |a обтекание 
610 1 |a аэродинамические силы 
610 1 |a ударные волны 
610 1 |a газовая динамика 
610 1 |a уравнения 
610 1 |a переходные процессы 
610 1 |a логика понятий 
610 1 |a конечные элементы 
675 |a 51-7  |v 3 
675 |a 621.01:531  |v 3 
702 1 |a Вельмисов  |b П. А.  |4 340 
801 1 |a RU  |b 63413507  |c 20140926 
801 2 |a RU  |b 63413507  |c 20170315  |g RCR 
942 |c BK